[Event "African Games Rapid Open 2019"]
[Site "Casablanca"]
[Date "2019.08.26"]
[Round "5.23"]
[White "Kourakoumba, Florent"]
[Black "Yahi, Mohamed Salem"]
[Result "0-1"]
[WhiteElo "1677"]
[BlackElo "1928"]
[Annotator "NA"]
[PlyCount "106"]
[EventDate "2019.08.26"]
[EventType "team-tourn"]
[EventCountry "MAR"]
[SourceTitle "playchess.com"]
[Source "ChessBase"]
[SourceQuality "1"]
[TimeControl "900+10"]

1. e4 {[%emt 0:00:00]} d6 {[%emt 0:00:00]} 2. Bc4 {[%emt 0:00:00]} Nf6 {[%emt 0:00:00]} 3. d3 {[%emt 0:00:04]} g6 {[%emt 0:00:02]} 4. Ne2 {[%emt 0:00:03]} Bg7 {[%emt 0:00:04]} 5. O-O {[%emt 0:00:03]} O-O {[%emt 0:00:07]} 6. c3 {[%emt 0:00:02]} Nc6 {[%emt 0:00:15]} 7. h3 {[%emt 0:00:10]} e5 {[%emt 0:00:07]} 8. Bb3 {[%emt 0:00:16]} b6 {[%emt 0:00:21]} 9. Ng3 {[%emt 0:00:04]} Bb7 {[%emt 0:00:06]} 10. f4 {[%emt 0:00:07]} exf4 {[%emt 0:00:09]} 11. Bxf4 {[%emt 0:00:04]} Na5 {[%emt 0:00:54]} 12. Bc2 {[%emt 0:00:03]} Re8 {[%emt 0:01:00]} 13. Na3 {[%emt 0:00:11]} b5 {[%emt 0:00:13]} 14. Nxb5 {[%emt 0:00:16]} Ba6 {[%emt 0:00:05]} 15. Nd4 {[%emt 0:00:13]} c5 {[%emt 0:00:13]} 16. Nb3 {[%emt 0:00:12]} Nxb3 {[%emt 0:00:04]} 17. axb3 {[%emt 0:00:02]} Bb7 {[%emt 0:00:14]} 18. Qf3 {[%emt 0:00:31]} Qc7 {[%emt 0:00:51]} 19. Bg5 {[%emt 0:00:21]} Re6 {[%emt 0:00:52]} 20. Rae1 {[%emt 0:00:27]} h6 {[%emt 0:00:42]} 21. Bd2 {[%emt 0:00:50]} Nh7 {[%emt 0:00:29]} 22. Ne2 {[%emt 0:00:17]} Rf6 {[%emt 0:02:01]} 23. Qg3 {[%emt 0:00:06]} Rxf1+ {[%emt 0:00:21]} 24. Rxf1 {[%emt 0:00:02]} Nf6 {[%emt 0:01:17]} 25. Qf3 {[%emt 0:00:23]} Nh5 {[%emt 0:00:28]} 26. g4 {[%emt 0:00:06]} Nf6 {[%emt 0:00:13]} 27. Bf4 {[%emt 0:00:27]} Nd7 {[%emt 0:00:17]} 28. Bg3 {[%emt 0:00:29]} Ne5 {[%emt 0:00:03]} 29. Bxe5 {[%emt 0:00:14]} Bxe5 {[%emt 0:00:02]} 30. Rc1 {[%emt 0:00:11]} Qe7 {[%emt 0:00:08]} 31. d4 {[%emt 0:00:10]} cxd4 {[%emt 0:00:16]} 32. cxd4 {[%emt 0:00:01]} Bg7 {[%emt 0:00:02]} 33. b4 {[%emt 0:00:52]} Re8 {[%emt 0:00:02]} 34. d5 {[%emt 0:00:25]} Bxb2 {[%emt 0:00:08]} 35. Rb1 {[%emt 0:00:09]} Be5 {[%emt 0:00:03]} 36. Rf1 {[%emt 0:00:18]} Ba6 {[%emt 0:00:05]} 37. Re1 {[%emt 0:00:24]} Bxe2 {[%emt 0:00:14]} 38. Rxe2 {[%emt 0:00:03]} Rc8 {[%emt 0:00:02]} 39. Kg2 {[%emt 0:00:26]} Rc3 {[%emt 0:00:10]} 40. Bd3 {[%emt 0:00:15]} Qc7 {[%emt 0:00:10]} 41. b5 {[%emt 0:00:46]} f6 {[%emt 0:00:12]} 42. h4 {[%emt 0:00:32]} Kg7 {[%emt 0:00:03]} 43. Rd2 {[%emt 0:00:56]} g5 {[%emt 0:00:26]} 44. hxg5 {[%emt 0:00:07]} hxg5 {[%emt 0:00:02]} 45. Rd1 {[%emt 0:00:09]} Rc1 {[%emt 0:00:38]} 46. Rd2 {[%emt 0:00:33]} Qc3 {[%emt 0:00:14]} 47. Ra2 {[%emt 0:00:17]} Qc5 {[%emt 0:00:42]} 48. Rf2 {[%emt 0:00:43]} Rc3 {[%emt 0:01:14]} 49. Qf5 {[%emt 0:00:23]} Rxd3 {[%emt 0:00:15]} 50. Qd7+ {[%emt 0:00:03]} Kh6 {[%emt 0:00:03]} 51. Qe8 {[%emt 0:02:52]} Rg3+ {[%emt 0:00:04]} 52. Kf1 {[%emt 0:00:13]} Qc1+ {[%emt 0:00:07]} 53. Ke2 {[%emt 0:00:17]} Re3# {[%emt 0:00:03]} 0-1

[Event "African Games Rapid Open 2019"]
[Site "Casablanca"]
[Date "2019.08.27"]
[Round "6.1"]
[White "Wanyama, Harold"]
[Black "Adly, Ahmed"]
[Result "0-1"]
[WhiteElo "2293"]
[BlackElo "2636"]
[Annotator "TA"]
[PlyCount "118"]
[EventDate "2019.08.26"]
[EventType "team-tourn"]
[EventCountry "MAR"]
[SourceTitle "playchess.com"]
[Source "ChessBase"]
[SourceQuality "1"]

{[%evp 9,118,-4,6,-7,-12,-27,8,18,25,24,18,25,22,14,26,18,34,4,48,36,60,12,115,108,109,96,96,99,118,118,137,132,121,105,104,130,158,131,201,210,175,177,268,241,240,243,219,116,377,365,352,8,11,0,0,0,72,-1,-5,-4,0,-422,-432,-395,-31,-26,0,0,107,-5,-6,-28,-32,-22,-38,-19,0,0,0,0,-4,-84,-88,-129,-80,-157,-161,-157,-147,-168,-166,-160,-110,-212,-187,-179,-176,-183,-134,-233,-231,-252,-209,-286,-226,-769,-658,-29995,-29996,-29998,-29999]} 1. c4 e5 2. Nc3 Nf6 3. Nf3 Nc6 4. g3 Bb4 5. Nd5 Bc5 6. b4 {A29: English Opening: Four Knights Variation with 4 g3} (6. d3 {with more complications.} h6 7. Bd2 a5 8. a3 d6 9. b4) (6. Bg2 d6 7. O-O O-O 8. e3 Bb6 9. Nxb6 axb6 10. b3 Bf5 11. d3 Qd7 12. Nh4 Bh3 13. e4 Bxg2 14. Kxg2 Nd4 15. Be3 b5 16. Bxd4 exd4 17. cxb5 Qxb5 {1-0 (35) Carlsen,M (2835)-Duda,J (2738) St Petersburg 2018}) 6... Nxb4 7. Nxb4 {Strongly threatening Nd3.} Bxb4 8. Nxe5 {The position is equal.} O-O 9. Bg2 Re8 $146 ({Predecessor:} 9... d6 10. Nd3 Ba5 11. O-O c6 12. Bb2 Re8 13. h3 Bf5 {1-0 (50) Vasic,D (1932)-Dimitrijevic,M (2066) Belgrade 2007}) 10. Nf3 d5 11. cxd5 Qxd5 12. O-O $1 Qd6 13. d4 Nd5 {Black wants to play ...Nc3.} 14. Qc2 c6 15. e4 Ne7 (15... Nc3 $11) 16. Bf4 Qd8 17. Rab1 Bd6 18. Be3 $36 {[%mdl 2048] Keeping Black busy.} Bc7 19. Rfd1 Bb6 20. Ne5 Be6 21. Nc4 Bxc4 22. Qxc4 Nc8 23. Qc2 Nd6 (23... Qd7 $16 24. a4 h6) 24. a4 $1 $18 {[%cal Ba2a4,Ba4a5][%mdl 32]} Qd7 25. Bf4 $1 Qe6 (25... Nc8 $142 26. d5 Ne7) 26. e5 Qc4 27. Qd2 $1 Nf5 {[%cal Rf5d4]} 28. d5 ({White should try} 28. a5 $18 Bxd4 29. a6 (29. Rxb7 Bxe5 30. Bxe5 Rxe5 $16) 29... Qxa6 30. Be4) 28... cxd5 $2 {[%mdl 8192]} (28... Qxa4 $16 {is a better defense.} 29. d6 Rad8) 29. a5 $1 Bd4 30. g4 $2 ({Not} 30. Rxb7 Rad8 $18) ({Better is} 30. Rdc1 $18 Qa6 31. Bh3) 30... Bc3 $11 31. Qc1 Nd4 {Hoping for ...Ne2+.} 32. Bf1 $1 {[%cal Rf1c4]} Qc6 {[#]} (32... Nf3+ $11 {remains equal.} 33. Kg2 Qe4) 33. Qe3 (33. a6 $1 $16 {[%cal Ra6b7][%mdl 512]} Nf3+ (33... bxa6 34. Rxd4) 34. Kh1 bxa6 35. Bg2 Nxe5 36. Bxd5) 33... Ne6 $1 {Threatening ...d4.} 34. Bb5 d4 35. Qg3 $2 {[%mdl 8192]} (35. Bxc6 $11 {and White stays safe.} dxe3 36. Bxe8) 35... Qe4 $19 36. Bxe8 Nxf4 $2 (36... Rxe8 $19 37. f3 Qxf4 38. Qxf4 Nxf4 39. Rxb7 d3) 37. Bb5 $15 Qxe5 38. Bf1 Rb8 (38... Qe4 $11 {keeps the balance.}) 39. Qf3 (39. Rb5 $1 $16 {[%cal Rb5e5]} Qc7 40. Rf5) 39... Qc7 $11 40. a6 {[%cal Rb1b7]} b6 41. Rb5 g6 42. Qe4 Rd8 43. Re5 Ne6 44. g5 Nc5 45. Re8+ {[#]} (45. Qf4 $11 Rf8 46. Qg3) 45... Rxe8 $1 $17 46. Qxe8+ Kg7 47. Qa8 (47. Rb1 $142) 47... Qf4 {And now ...Qg4+ would win.} 48. Qg2 {[#]} Ne4 $1 49. Bd3 Nxg5 50. Qg3 Qf6 51. Bf1 (51. f4 $17 {keeps fighting.} Ne6 52. f5) 51... Ne4 52. Qg2 Qh4 53. Rd3 Nd2 54. Rg3 (54. Qd5 $17 {was called for.}) 54... Qe7 55. f4 Qe6 56. h4 Qf5 57. Rg4 $2 (57. Bd3 Qxf4 58. h5) 57... Nxf1 58. Kxf1 Qb1+ 59. Kf2 Qe1+ {Accuracy: White = 41%, Black = 45%.} 0-1

[Event "African Games Rapid Open 2019"]
[Site "Casablanca"]
[Date "2019.08.27"]
[Round "6.2"]
[White "Amin, Bassem"]
[Black "Zaibi, Amir"]
[Result "1-0"]
[WhiteElo "2692"]
[BlackElo "2367"]
[Annotator "TA"]
[PlyCount "175"]
[EventDate "2019.08.26"]
[EventType "team-tourn"]
[EventCountry "MAR"]
[SourceTitle "playchess.com"]
[Source "ChessBase"]
[SourceQuality "1"]

{[%evp 14,175,-4,-10,0,-35,-31,-39,-35,-44,-22,-22,-27,-22,-16,-19,-16,-95,-51,-81,-66,-62,-86,-88,-81,-134,-164,-152,-157,-166,-170,-171,-127,-127,-125,-122,-110,-118,-125,-125,-77,-77,-74,-107,-104,-100,-103,-168,-168,-170,-164,-170,-168,-184,-184,-189,-189,-242,-175,-188,-178,-267,-256,-266,-250,-266,-256,-331,-322,-330,-312,-297,-117,-117,-117,-117,-90,-90,-91,-117,-117,-111,-96,-97,-92,-112,-117,-117,-117,-106,-102,-115,-88,-131,-131,-174,-173,-174,-173,-174,-173,-162,-158,-181,0,-127,0,-97,0,-97,-72,-72,-72,-72,-72,-81,0,0,7,0,11,11,12,13,13,13,16,16,23,7,23,0,0,0,0,0,1,0,0,0,29967,29968,29967,29967,29965,4598,29965,29966,29975,29977,29977,29978,29977,29977,29980,29981,29984,29985,29983,29984,29984,29985,29989,29985]} 1. e4 c5 2. Nf3 Nc6 3. d3 Nf6 4. g3 d5 5. Nbd2 Bg4 6. h3 Bh5 7. Bg2 e6 8. O-O Be7 {A08: King's Indian Attack} 9. b3 (9. Re1 dxe4 10. dxe4 O-O 11. e5 Nd7 12. g4 Bg6 13. Nc4 Nb4 {1-0 (49) Caruana,F (2808)-Carlsen,M (2832) Paris 2017}) 9... O-O 10. Bb2 Rc8 {Black is slightly better.} 11. Re1 $146 ({Predecessor:} 11. e5 Nd7 12. g4 Bg6 13. Rc1 h5 14. Qe2 hxg4 15. hxg4 b5 16. a3 Nb6 17. Ne1 d4 {1-0 (64) Mukhtarova,V (1998)-Piskov,V (1931) Voronezh 2016}) 11... b5 12. a4 a6 13. axb5 axb5 14. exd5 Nxd5 15. Ne4 (15. g4 $11 {remains equal.} Bg6 16. Ne5) 15... Qb6 16. Qc1 Rfd8 17. g4 Bg6 18. h4 Nd4 19. h5 (19. Nxd4 $142 cxd4 20. h5 Bxe4 21. Bxe4) 19... Bxe4 $1 $17 20. Rxe4 {[%cal Rf3d4]} Nf6 21. Bxd4 Nxe4 22. Bb2 c4 23. dxe4 c3 $1 {[%cal Rc3b2]} 24. Ba3 b4 25. Bxb4 Bxb4 26. Qf4 Bd6 27. e5 Be7 $36 {[%mdl 2048] Black is on the roll.} 28. h6 Qb4 29. Qxb4 Bxb4 30. hxg7 (30. Ra4 $17 {might work better.} Bc5 31. Bf1) 30... Ra8 $19 31. Rxa8 Rxa8 {[%mdl 4096] Endgame KRB-KBN} 32. Bf1 Rd8 33. Be2 Kxg7 34. Kf1 h6 35. Ke1 (35. Bc4 $142) 35... Ba5 36. Bc4 Kf8 37. Ke2 (37. Bb5 {is a better defense.}) 37... Ke7 38. Bd3 Bc7 39. Ke3 Bb6+ 40. Ke2 Rg8 41. Nh2 {[#]} h5 $1 {[%mdl 512]} 42. Kf3 (42. gxh5 Rg2) 42... Rh8 $2 (42... h4 $19 {is more deadly.} 43. Kg2 Rd8) 43. gxh5 $17 Rxh5 44. Ng4 Rh3+ 45. Ke4 Rh8 46. Kf3 Rd8 47. Ke2 Rd4 48. f3 Bc5 49. Ne3 Rh4 {And now ...Rh2+ would win.} 50. Ng4 Rh8 51. Be4 Rd8 $1 52. Bd3 Ba3 53. Ne3 Bc1 54. Nc4 Bf4 55. Be4 Kf8 56. Bc6 {[#]} Kg7 $1 57. Be4 Kh6 58. Nd6 Kg7 (58... Kh5 $19 59. Nxf7 Rd2+ 60. Kf1 Rd7) 59. Nc4 Kf8 60. Bc6 Ke7 61. Be4 f6 62. exf6+ Kxf6 63. Bd3 Kg5 64. Na5 Rh8 (64... Bh2 $17 65. Nc6 Rd7) 65. Be4 $1 $11 Be5 66. Nc6 Rh2+ 67. Kd3 Rd2+ 68. Kc4 Bf6 69. b4 Rd1 70. b5 Rb1 71. Kc5 Bg7 72. Nd8 Kf6 73. Kc6 Ke7 74. Nb7 Rb4 75. Kc5 Rb1 76. Na5 Be5 $2 {[%mdl 8192] [#]} (76... Kd7 $11) 77. Nc6+ $1 {[%mdl 64] Double Attack} Kf6 78. Nxe5 Kxe5 {KR-KB} 79. b6 Kf4 80. b7 {White mates.} Ke3 81. Kc6 Rb4 82. Kc7 Rc4+ 83. Bc6 Kd2 84. b8=Q Kxc2 85. Qb5 Kd3 86. Kd6 c2 87. Be4+ Kd4 {[#]} 88. Qxc4+ $3 {Accuracy: White = 60%, Black = 61%.} 1-0

[Event "African Games Rapid Open 2019"]
[Site "Casablanca"]
[Date "2019.08.27"]
[Round "6.3"]
[White "Aderito, Pedro"]
[Black "Boudriga, Mohamed Ali"]
[Result "0-1"]
[WhiteElo "2301"]
[BlackElo "2325"]
[Annotator "TA"]
[PlyCount "46"]
[EventDate "2019.08.26"]
[EventType "team-tourn"]
[EventCountry "MAR"]
[SourceTitle "playchess.com"]
[Source "ChessBase"]
[SourceQuality "1"]

{[%evp 24,46,39,0,24,37,45,29,69,62,148,-152,-125,-237,-256,-272,-250,-702,-703,-741,-727,-1338,-1281,-1405,-1409]} 1. d4 Nf6 2. Nf3 d5 3. c4 dxc4 4. e3 e6 5. Bxc4 a6 6. a4 c5 7. O-O Nc6 8. Nc3 Be7 9. Qe2 cxd4 10. Rd1 O-O 11. exd4 Nb4 12. Ne5 Nfd5 13. Ne4 b6 {D27: Queen's Gambit Accepted: Classical main line: 7 e4!? and 7 a4} (13... Bd7 14. Ra3 f6 15. Nxd7 Qxd7 16. Rh3 Rf7 17. Bb3 Rc8 18. Bd2 Nc6 19. Nc3 g6 20. Bc1 Bb4 21. Bc2 Bxc3 22. bxc3 {½-½ (65) Swayams,M (2463)-Amin,B (2655) Dubai 2016}) 14. Ra3 {[#] Threatens to win with Qh5.} f5 15. Ng3 Bd6 $146 {White has an edge.} ({Predecessor:} 15... Bg5 16. Bxg5 Qxg5 17. Nf3 Qh6 18. Qd2 f4 19. Ne4 Ra7 20. Ne5 g6 21. Rh3 {½-½ (42) Wohlers Armas,F-Dragasevic Georgieva,A (2245) Dortmund 1988}) 16. Nh5 f4 {[#]} (16... Ra7 $14) 17. Nxg7 $2 {[%mdl 8192]} (17. Qg4 $1 $16 {[%csl Gh5][%cal Rg4g7][%mdl 512]} Qc7 18. Rf3) 17... Kxg7 $17 18. Qg4+ (18. Rh3 $17 Rf5 19. Bd2) 18... Kh8 $19 19. Rh3 {Black must now prevent Ng6+.} Bxe5 20. Rxh7+ $2 (20. dxe5 Ra7 21. Qh4) 20... Kxh7 {Black is clearly winning.} 21. Bxd5 Nxd5 22. Rd3 Bg7 23. Rh3+ Kg8 0-1

[Event "African Games Rapid Open 2019"]
[Site "Casablanca"]
[Date "2019.08.27"]
[Round "6.4"]
[White "Mwale, Joseph"]
[Black "Kayonde, Andrew"]
[Result "1/2-1/2"]
[WhiteElo "2231"]
[BlackElo "2384"]
[Annotator "TA"]
[PlyCount "38"]
[EventDate "2019.08.26"]
[EventType "team-tourn"]
[EventCountry "MAR"]
[SourceTitle "playchess.com"]
[Source "ChessBase"]
[SourceQuality "1"]

{[%evp 13,38,-28,-23,-44,-36,-50,-51,-58,-46,-57,-43,-45,-40,-68,-59,-68,-74,-116,-110,-111,-102,-111,-99,-102,-108,-181,-137]} 1. d4 Nf6 2. c4 c5 3. Nf3 cxd4 4. Nxd4 e5 5. Nb3 d5 6. cxd5 Qxd5 7. Qxd5 Nxd5 8. Bd2 {A31: Symmetrical English: 2 Nf3 Nf6 3 d4} Nb4 9. Na3 Be6 10. e4 {Black is slightly better.} N8c6 11. Bb5 a6 12. Bxc6+ $1 Nxc6 13. O-O Bxb3 $146 ({Predecessor:} 13... O-O-O 14. Bc3 b6 15. Rac1 Kb7 {0-1 (45) Novikovas,A (1856)-Pakhomov,A (2338) Warsaw 2016}) 14. axb3 Nd4 $36 {[%mdl 2048] White is under strong pressure.} 15. Bc3 Nxb3 16. Rad1 {[#]} f6 $1 17. Nc4 Rd8 18. Rxd8+ Kxd8 19. f3 (19. Rd1+ $17 {is a better defense.} Kc7 20. Ne3) 19... Kc7 1/2-1/2

[Event "African Games Rapid Open 2019"]
[Site "Casablanca"]
[Date "2019.08.27"]
[Round "6.5"]
[White "Ssegwanyi, Arthur"]
[Black "Arab, Adlane"]
[Result "0-1"]
[WhiteElo "2335"]
[BlackElo "2485"]
[Annotator "TA"]
[PlyCount "52"]
[EventDate "2019.08.26"]
[EventType "team-tourn"]
[EventCountry "MAR"]
[SourceTitle "playchess.com"]
[Source "ChessBase"]
[SourceQuality "1"]

{[%evp 15,52,29,39,0,0,0,0,0,0,0,0,0,0,-16,0,0,54,-79,-84,-128,-131,-139,-136,-228,-220,-251,-249,-277,-284,-353,-267,-404,-422,-945,-913,-2033,-1142,-29990,-29991]} 1. e4 c5 2. Nf3 Nc6 3. d4 cxd4 4. Nxd4 Qb6 5. Nb3 Nf6 6. Nc3 e6 7. Qe2 Bb4 8. Bd2 O-O 9. O-O-O {B33: Sicilian: Pelikan and Sveshnikov Variations} (9. a3 $5 {[%cal Ra3b4]} Bxc3 10. Bxc3 $11) 9... d5 10. e5 Bxc3 11. Bxc3 {The position is equal.} Ne4 12. Bd4 Nxd4 13. Nxd4 Bd7 14. Qe3 {[#]} Rfc8 $146 {[%mdl 2048] Black has the initiative.} ({Predecessor:} 14... Rac8 15. Bd3 Nc5 16. Rhe1 Nxd3+ 17. Rxd3 {½-½ (30) Hagen,A (2346)-Milov,V (2648) Odense 2011}) 15. h4 Qc7 ({Black should play} 15... Qa5 $11 16. a3 {[#]} Rc3 $1 {[%mdl 512]}) 16. f3 (16. Bd3 $14 {keeps the upper hand.}) 16... Ng3 $17 17. Bd3 Nxh1 18. Rxh1 a6 {[%cal Ba7a6,Ba6a5][%mdl 32]} 19. c3 (19. g4 $17 {is a better defense.}) 19... b5 $19 {[%cal Bb7b5,Bb5b4][%mdl 32]} 20. a3 Rab8 21. h5 a5 22. Qf4 f5 {[#] aiming for ...b4.} 23. g4 (23. h6 $142 g6 24. Qh4 Qxe5 25. Re1) 23... b4 24. gxf5 (24. axb4 $142 axb4 25. h6 bxc3 26. b3) 24... bxa3 25. f6 axb2+ 26. Kb1 Qxc3 {Accuracy: White = 16%, Black = 71%.} 0-1

[Event "African Games Rapid Open 2019"]
[Site "Casablanca"]
[Date "2019.08.27"]
[Round "6.6"]
[White "Oatlhotse, Providence"]
[Black "Hamdouchi, Hicham"]
[Result "0-1"]
[WhiteElo "2252"]
[BlackElo "2562"]
[Annotator "TA"]
[PlyCount "148"]
[EventDate "2019.08.26"]
[EventType "team-tourn"]
[EventCountry "MAR"]
[SourceTitle "playchess.com"]
[Source "ChessBase"]
[SourceQuality "1"]

{[%evp 10,148,34,40,58,18,28,17,93,74,75,68,81,72,71,58,78,70,79,60,97,35,75,66,70,17,32,37,29,2,7,0,4,-20,-10,-66,-61,-94,-92,-96,-80,-84,-74,-89,-83,-68,-61,-66,-45,-62,-68,-64,-70,-362,-360,-531,-516,-511,-525,-579,-572,-612,-595,-685,-693,-676,-659,-645,-640,-631,-637,-624,-623,-582,-506,-466,-331,-331,-331,-336,-304,-358,-331,-379,-379,-379,-373,-288,-288,-737,-725,-1479,-1412,-1457,-1454,-1436,-1285,-1467,-1413,-1472,-915,-1429,-1444,-1428,-1141,-1402,-1391,-1347,-1235,-5604,-4886,-3562,-990,-2509,0,-1637,-1358,-29977,-29978,-29978,-29979,-29977,-29977,-29983,-29984,-29984,-29984,-29984,-29985,-29986,-29987,-29987,-29988,-29988,-29989,-29989,-29990,-29992,-29993,-29996,-29995]} 1. Nf3 g6 2. d4 Bg7 3. e4 d6 4. Bd3 Nf6 5. O-O O-O 6. Re1 Nc6 {B07: Pirc Defence: Miscellaneous Systems} (6... c6 7. h3 Qc7 8. Nbd2 e5 9. c3 Nbd7 10. Nf1 Nh5 11. Be3 Re8 12. Qd2 Nf8 13. Rad1 b5 14. c4 {½-½ (104) Zubov,A (2597)-Nepomniachtchi,I (2763) St Petersburg 2018}) 7. d5 Nb4 8. Bf1 c5 (8... e6 $11) 9. a3 $146 ({Predecessor:} 9. h3 e6 10. c4 exd5 11. cxd5 Re8 12. Nc3 Nh5 13. a3 Na6 14. Bg5 Bf6 15. Bh6 Bd7 16. Qd2 Rc8 17. g4 Ng7 18. Bc4 Nc7 19. a4 a6 20. e5 Bxe5 21. Nxe5 Rxe5 22. Rxe5 dxe5 {1-0 (37) Petre,N (2323)-Leskur,D (2393) Belgrade 2017}) 9... Na6 10. c4 Nc7 11. Nc3 e6 12. Rb1 exd5 13. cxd5 Re8 14. h3 Nd7 15. Nd2 (15. Bg5 $16 f6 16. Bf4) 15... Nb6 16. a4 Na6 17. Bb5 (17. Nf3 $14) 17... Bd7 $11 18. a5 Nc8 19. Nc4 Bxb5 20. Nxb5 {next Bf4 is good for White.} Qd7 21. Nba3 b5 22. axb6 (22. Nd2 $11) 22... axb6 $15 {[%cal Ba7b6,Bb6b5][%mdl 32]} 23. Qb3 Nb4 24. Bf4 b5 25. Nd2 Nb6 26. Nc2 Ra4 $36 {[%mdl 2048] And now ...c4 would win. Black is on the roll.} 27. Nxb4 Rxb4 28. Qg3 Rxb2 29. Rxb2 Bxb2 30. Bxd6 c4 {Hoping for ...Nxd5!} 31. Bb4 $2 {[%mdl 8192] [#]} ({White should try} 31. Nf3 $15) 31... Nxd5 $1 $19 {[%mdl 576] Pin} 32. Nxc4 (32. Ba5 {is a better defense.} Nf6 33. Bc3) (32. exd5 Rxe1+) 32... Nxb4 33. Nxb2 Qd2 $1 {[%csl LRb2,LRe1][%mdl 64] Double Attack} 34. Re3 {If White can now play Rb3 this consolidates a bit.} Qxb2 35. Kh2 Nc6 36. f4 Qd4 37. e5 Ne7 38. Rd3 Qe4 39. Re3 Qc4 40. Rc3 Qe6 41. Rd3 Nd5 42. Qf3 Nxf4 43. Qxf4 Qxe5 44. Qxe5 Rxe5 {[%mdl 4096] Endgame KR-KR} 45. Rd8+ Kg7 46. Rb8 h5 47. Kg3 Rg5+ 48. Kf3 h4 49. Rb6 $2 {[#]} (49. g4) 49... Rg3+ 50. Kf2 Rb3 51. Rd6 g5 52. Ke2 f6 53. Rd7+ Kg6 54. Rd5 b4 55. Rb5 Rg3 56. Kf1 b3 57. Kg1 Rc3 58. Kh2 Kf7 59. Rb6 Ke7 60. Kg1 Rd3 (60... Kd8 $142 61. Rb4 Kc7) 61. Kh2 Rc3 62. Kg1 Kd7 63. Kh2 Kc7 {Black mates.} 64. Rb5 Kc6 65. Rb8 Kc5 66. Rc8+ Kd4 67. Rd8+ Kc4 68. Rb8 Kd3 69. Rb6 Kc2 70. Rxf6 b2 71. Rf2+ Kb3 72. Rf1 Rc1 73. Rf3+ Kc4 74. g4 Rc2+ {Accuracy: White = 34%, Black = 77%.} 0-1

[Event "African Games Rapid Open 2019"]
[Site "Casablanca"]
[Date "2019.08.27"]
[Round "6.7"]
[White "Bellahcene, Bilel"]
[Black "Khetho, Phemelo"]
[Result "1-0"]
[WhiteElo "2550"]
[BlackElo "2178"]
[Annotator "TA"]
[PlyCount "26"]
[EventDate "2019.08.26"]
[EventType "team-tourn"]
[EventCountry "MAR"]
[SourceTitle "playchess.com"]
[Source "ChessBase"]
[SourceQuality "1"]

{[%evp 9,26,0,0,-4,10,-12,3,0,7,0,10,-9,21,9,26,15,69,23,26]} 1. e4 e5 2. Qh5 Nc6 3. Bc4 g6 4. Qf3 (4. Qd1 Bg7 5. d3 Nf6 6. Nc3 d6 7. f4 Be6 8. Bb5 O-O 9. Bxc6 bxc6 10. fxe5 Ng4 11. Nf3 Nxe5 {0-1 (38) Adhiban,B (2655)-Cheparinov,I (2710) Riadh 2017}) 4... Qf6 5. Qd1 Bg7 $146 (5... Nge7 {seems wilder.} 6. d3 Bg7 7. a4 d6 8. Nf3 Bg4) ({Predecessor:} 5... Bc5 6. Nf3 d6 7. Nc3 Nge7 8. Nb5 Bb6 9. d3 Be6 10. Be3 Bxc4 11. dxc4 Bxe3 12. fxe3 {0-1 (30) Morozov,E (2300)-Zhurikhin,A (2150) Voronezh 2009}) 6. Nc3 {C20: 1 e4 e5: Unusual White second moves} Qd8 7. h4 h6 8. d3 {The position is equal.} Nf6 (8... d6 {looks sharper.} 9. Nge2 Nge7 10. Bd2 Na5 11. Bd5 Nac6) 9. Nge2 d6 10. Ng3 Bg4 11. f3 Bd7 12. Be3 Na5 (12... Nd4 $11) 13. a4 Nxc4 {[%mdl 32768] Loss on time!?} 1-0

[Event "African Games Rapid Open 2019"]
[Site "Casablanca"]
[Date "2019.08.27"]
[Round "6.8"]
[White "Adu, Oladapo"]
[Black "Mphungu, Gerrard"]
[Result "0-1"]
[WhiteElo "2273"]
[BlackElo "2107"]
[Annotator "TA"]
[PlyCount "110"]
[EventDate "2019.08.26"]
[EventType "team-tourn"]
[EventCountry "MAR"]
[SourceTitle "playchess.com"]
[Source "ChessBase"]
[SourceQuality "1"]

{[%evp 9,110,3,16,-9,-11,-15,-14,-17,-18,-18,-18,-27,-16,-37,-37,-35,-21,-36,-35,-33,0,-28,-21,-21,-16,-22,0,-28,0,-43,-43,-41,-22,-125,-124,-132,-124,-806,-793,-867,0,-960,-969,-947,-808,-956,-956,-954,-906,-910,-906,-905,-881,-887,-896,-891,-846,-928,-926,-942,-944,-952,-933,-970,-997,-983,-977,-1193,-1197,-1199,-1192,-1191,-1187,-1198,-1202,-1253,-1270,-1475,-1442,-1572,-1317,-1343,-1304,-1275,-1190,-1488,-1485,-1678,-1720,-2416,-1726,-1709,-1670,-1998,-1961,-2622,-2625,-29988,-29989,-29989,-29990,-29989,-29990]} 1. e4 c5 2. Nf3 d6 3. Nc3 Nf6 4. e5 dxe5 5. Nxe5 Bd7 (5... a6 6. g3 Qc7 7. d4 cxd4 8. Qxd4 Nc6 9. Nxc6 Qxc6 10. Bg5 Qd7 11. Bxf6 gxf6 12. Nd5 Bh6 13. Rd1 Qe6+ {0-1 (35) Mamedov,R (2703)-Saric,I (2695) St Petersburg 2018}) 6. Bc4 {[%csl Ge5][%cal Rc4f7] [#] B50: Sicilian: 2...d6, Miscellaneous} e6 7. O-O Nc6 8. Nxd7 {The position is equal.} Qxd7 9. d3 Be7 10. a3 $146 ({Predecessor:} 10. Bb5) 10... a6 11. Bf4 O-O 12. a4 Rfe8 13. Re1 Bd6 14. Bg5 {next Bxf6 is good for White.} Be7 15. h3 h6 16. Bd2 Rad8 17. Bf4 Qd4 18. Be3 Qd7 19. Rc1 Qc7 20. Qd2 Kh7 21. g3 (21. Qd1 $11) 21... Ne5 $36 {[%mdl 2048] Black is on the roll.} 22. Qe2 {Bf4 is the strong threat.} Qc6 {Strongly threatening ...Nf3+.} 23. Red1 $2 {[%mdl 8192]} (23. Ne4 $17) 23... Nf3+ $19 24. Kf1 Nh2+ $2 ({Better is} 24... Nd4 $19 {[%cal Rc6h1]} 25. Kg1 Nxe2+ 26. Nxe2 Qxa4) 25. Ke1 $2 {[%mdl 8192]} (25. Kg1 $11 Nf3+ 26. Qxf3 Qxf3 27. Re1) 25... Qh1+ 26. Kd2 Nf3+ {[%mdl 64] [#] Discovered Attack} 27. Qxf3 Qxf3 28. Re1 Ne4+ 29. Nxe4 Qxe4 30. Ke2 Qe5 31. c3 Qh5+ 32. Kd2 Bg5 33. f4 Be7 34. h4 Qf3 35. Rg1 h5 36. Rcf1 Qc6 37. a5 g6 38. g4 Qa4 {Hoping for ...Qxc4.} 39. Kc1 hxg4 40. Kb1 f5 41. Rd1 Bf8 42. Rde1 Qxa5 43. Kc2 b5 44. Bb3 Qb6 45. Rh1 Kh6 46. Rh2 Qd6 47. d4 cxd4 48. Bxd4 Bg7 49. Be3 Qc6 50. Kb1 a5 {[%cal Ba6a5,Ba5b4,Bb4b3][%mdl 32]} 51. Bc2 b4 52. cxb4 axb4 53. Rc1 Qb5 {Black mates.} 54. h5 b3 55. hxg6+ Kxg6 {Accuracy: White = 21%, Black = 44%.} 0-1